000
00283nam a22001217a 4500
005
20250821102107.0
008
250821b |||||||| |||| 00| 0 eng d
082
_a
005
_b
JOH-S
100
_a
John Higgs
245
_a
Stranger Than We Can Imagine
650
_a
Other Books
999
_c
37066
_d
37066